Ve firmě můžete změnit místo, čas i typ spolupráce

Flexibilta ako kľúčový faktor pre udržanie konkurencieschopnosti. Prechod na flexibilný spôsob práce. Čo obnáša flexibilita. Čo sa flexibilitou získa. Zhodnotenie aktuálneho stavu. Prečo flexibilta niekde funguje a inde nie.

Salvato in:
Dettagli Bibliografici
Autore principale: Studená, Zdeňka
Natura: Capitolo di libro
Lingua:ceco
Soggetti:
Tags: Aggiungi Tag
Nessun Tag, puoi essere il primo ad aggiungerne!!

MARC

LEADER 00000naa a2200000 4500
001 0234784
005 20170802082428.6
041 0 |a cze 
044 |a CZ 
245 1 0 |a Ve firmě můžete změnit místo, čas i typ spolupráce  |c Zdeňka Studená 
520 |a Flexibilta ako kľúčový faktor pre udržanie konkurencieschopnosti. Prechod na flexibilný spôsob práce. Čo obnáša flexibilita. Čo sa flexibilitou získa. Zhodnotenie aktuálneho stavu. Prečo flexibilta niekde funguje a inde nie. 
610 2 0 |a práca 
610 2 0 |a práca flexibilná 
610 2 0 |a flexibilita 
610 2 0 |a práca z domu 
610 2 0 |a tímy pracovné 
610 2 0 |a kooperácia 
610 2 0 |a zamestnanci 
610 2 0 |a disciplína pracovná 
610 2 0 |a firmy 
100 1 |a Studená, Zdeňka